000 00938nam0a2200301 4500
001 RU\NLR\BIBL_A\021973982
005 20250625071837.0
010 _93000
035 _a(NLR Aleph) 021973982
090 _a13316180
_c13316180
100 _a20230704d1962 |||y0rusy50 ca
101 0 _alav
102 _aLV
105 _ay z 000 y
181 0 _ai
_baxxe
182 0 _an
200 1 _aIzmantosim racionāli siltumnīcas un lecektis
_fJ. Vēveris
203 _aТекст
_bвизуальный
_cнепосредственный
210 _aRīga
_c[b.i.]
_d1962
215 _a15, [1] с.
_d14
541 1 _aРационально используем теплицы и парники
_zrus
686 1 _aЩ117.526.3
700 1 _aVēveris
_bJ.
_f1917-1998
_gJānis
_4070
790 1 _6z01541
_aВеверис
_bЯ.
_f1917-1998
_gЯнис
_4070
852 _aNLR
_bОНЛ
_jЛатыш./1-927
942 _cBOOK
980 _aNB